MARC

LEADER 00000nam0a2200000 4500
001 334826
005 20231102004707.0
035 |a (RuTPU)RU\TPU\book\361124 
035 |a RU\TPU\book\361051 
090 |a 334826 
100 |a 20170907d1978 k y0rusy50 ca 
101 0 |a rus 
102 |a RU 
105 |a a z 001zy 
200 1 |a Экстремальные задачи в геологии нефти и газа  |e сборник научных трудов  |f Западно-Сибирский научно-исследовательский геологоразведочный нефтяной институт (ЗапСибНИГНИ) 
210 |a Тюмень  |c Изд-во ЗапСибНИГНИ  |d 1978 
215 |a 137 с.  |c ил. 
225 1 |a Труды ЗапСибНИГНИ  |v Вып. 126 
320 |a Библиография в конце статей 
606 1 |a Нефтегазовые месторождения  |x Геология  |2 stltpush  |3 (RuTPU)RU\TPU\subj\68603  |9 83810 
610 1 |a нефть 
610 1 |a газ 
610 1 |a нефтегазовая геология 
610 1 |a экстремальные задачи 
610 1 |a разрезы 
610 1 |a корреляция 
610 1 |a динамическое программирование 
610 1 |a сплайн-аппроксимация 
610 1 |a геологические поля 
610 1 |a разведочные скважины 
610 1 |a размещение 
610 1 |a принцип максимума Понтрягина 
675 |a 553.98  |v 3 
702 1 |a Волков  |b А. М.  |4 340 
712 0 2 |a Западно-Сибирский научно-исследовательский геологоразведочный нефтяной институт (ЗапСибНИГНИ)  |c (Тюмень)  |2 stltpush  |3 (RuTPU)RU\TPU\col\2064 
801 1 |a RU  |b 63413507  |c 20120802 
801 2 |a RU  |b 63413507  |c 20170911  |g RCR 
942 |c BK